| 000 | 01314cad a22002415a 4500 | ||
|---|---|---|---|
| 001 | L142557 | ||
| 008 | 080222s2008 xxkb f 000 0 eng d | ||
| 020 | _a9781847811196 | ||
| 035 | _a(Sirsi) u142557 | ||
| 041 | 0 | _aeng | |
| 050 | 0 | 4 | _a711.558 $2 18 |
| 110 | 1 |
_aLondon _bGreater London Authority _93989 |
|
| 245 | 0 | 0 |
_aEast London Green Grid Framework _bLondon Plan (consolidated with alterations since 2004), supplementary planning guidance _h[electronic resource] |
| 260 |
_aLondon _bGLA _c2008 |
||
| 520 | _aProvides guidance on the implementation of policies outlined in the London Plan (L125752). Explains the concept of the Green Grid, the green infrastructure plan for East London. Defines the vision and spatial framework of the plan. Outlines perceived deficiencies in the provision of public spaces and access to nature sites. Identifies strategic open space opportunities and the range of functions and benefits. | ||
| 521 | 2 | _aAdvanced | |
| 590 | _aKA | ||
| 651 | 4 | _aLondon | |
| 690 | _aENVIRONMENTAL AND LAND CONSULTANCY-PLANNING AND DEVELOPMENT-PLANNING GUIDANCE | ||
| 690 | _aPROPERTY-PROPERTY MANAGEMENT-REGENERATION | ||
| 856 | 4 | 0 |
_uhttps://legacy.london.gov.uk/mayor/strategies/sds/docs/spg-east-lon-green-grid-08.pdf _zView the item free of charge at www.london.gov.uk... |
| 942 | _n0 | ||
| 999 |
_c107916 _d107916 |
||